Zetech University Library - Online Catalog

Mobile: +254-705278678

Whatsapp: +254-706622557

Feedback/Complaints/Suggestions

library@zetech.ac.ke

A Doll's House (Record no. 10005)

MARC details
000 -LEADER
fixed length control field 00453nam a22001457a 4500
005 - DATE AND TIME OF LATEST TRANSACTION
control field 20260119062841.0
008 - FIXED-LENGTH DATA ELEMENTS--GENERAL INFORMATION
fixed length control field 260119b |||||||| |||| 00| 0 eng d
020 ## - INTERNATIONAL STANDARD BOOK NUMBER
International Standard Book Number 9789966562302
050 ## - LIBRARY OF CONGRESS CALL NUMBER
Classification number PT8895 .A6
Item number .I37 2017
100 ## - MAIN ENTRY--PERSONAL NAME
Personal name Ibsen, Henrik
9 (RLIN) 28758
245 ## - TITLE STATEMENT
Title A Doll's House
Statement of responsibility, etc / Henrik Ibsen
260 ## - PUBLICATION, DISTRIBUTION, ETC. (IMPRINT)
Place of publication, distribution, etc Nairobi, Kenya.
Name of publisher, distributor, etc East African Educational Publishers Ltd;
Date of publication, distribution, etc c2017
300 ## - PHYSICAL DESCRIPTION
Extent viii, 120p.;
Dimensions 17cm.
942 ## - ADDED ENTRY ELEMENTS (KOHA)
Source of classification or shelving scheme Library of Congress Classification
Item type Books
Call number prefix PT8895 .A6
Call number suffix .I37 2017
Holdings
Withdrawn status Lost status Source of classification or shelving scheme Damaged status Not for loan Collection code Home library Current library Shelving location Date acquired Source of acquisition Inventory number Total Checkouts Total Renewals Full call number Barcode Date last seen Date last borrowed Copy number Price effective from Koha item type
    Library of Congress Classification   Added to bundle Fiction Zetech Library - Mang'u Campus Zetech Library - Mang'u Campus General Stacks 03/12/2025 DONATION 11608 1 1 PT8895 .A6 .I37 2017 Z013338 07/04/2026 11/03/2026 C1 19/01/2026 Books